The wonderful world tomorrow : (Record no. 1909)

MARC details
000 -LEADER
fixed length control field 00747nam a2200253 a 4500
001 - CONTROL NUMBER
control field 393617
003 - CONTROL NUMBER IDENTIFIER
control field GBCCL
005 - DATE AND TIME OF LATEST TRANSACTION
control field 20241126110412.0
008 - FIXED-LENGTH DATA ELEMENTS--GENERAL INFORMATION
fixed length control field 860923s1979 nyu 001 0 eng
010 ## -
-- 79054748
020 ## - INTERNATIONAL STANDARD BOOK NUMBER
International Standard Book Number 0896960773
040 ## - CATALOGING SOURCE
Original cataloging agency DLC
Transcribing agency DLC
Modifying agency DLC
050 00 -
-- CB161
-- .A74 1979
082 ## - DEWEY DECIMAL CLASSIFICATION NUMBER
Classification number 236.2
Item number ARM
100 1# - MAIN ENTRY--PERSONAL NAME
Personal name Armstrong, Herbert W.
9 (RLIN) 3968
245 14 - TITLE STATEMENT
Title The wonderful world tomorrow :
Remainder of title what it will be like /
Statement of responsibility, etc. by Herbert W. Armstrong.
260 ## - PUBLICATION, DISTRIBUTION, ETC.
Place of publication, distribution, etc. New York :
Name of publisher, distributor, etc. Everest House,
Date of publication, distribution, etc. c1979.
300 ## - PHYSICAL DESCRIPTION
Extent 106 p. ;
Dimensions 22 cm.
500 ## - GENERAL NOTE
General note Includes indexes.
650 #0 - SUBJECT ADDED ENTRY--TOPICAL TERM
Topical term or geographic name entry element Twenty-first century
General subdivision Forecasts.
9 (RLIN) 1013
650 #0 - SUBJECT ADDED ENTRY--TOPICAL TERM
Topical term or geographic name entry element Prophecies.
9 (RLIN) 2051
906 ## - LOCAL DATA ELEMENT F, LDF (RLIN)
a 7
b cbc
c orignew
d 2
e ocip
f 19
g y-gencatlg
942 ## - ADDED ENTRY ELEMENTS (KOHA)
Source of classification or shelving scheme Dewey Decimal Classification
Koha item type Books
Holdings
Withdrawn status Lost status Source of classification or shelving scheme Damaged status Not for loan Home library Current Library Shelving location Date acquired Total checkouts Full call number Barcode Date last seen Copy number Price effective from Koha item type
    Dewey Decimal Classification     GRACE BIBLE COLLEGE GRACE BIBLE COLLEGE Theology 2017-06-01   236.2 ARM 002244 2025-05-01 c.1 2017-06-01 Books
© Grace Bible College Library 2025